logo

Bir Sreshtho Munshi Abdur Rouf Library
Jhenaidah Cadet College

Discussions of Shakespeare's Roman plays / (Record no. 3666)

MARC details
000 -LEADER
fixed length control field 00815nam a2200277 a 4500
001 - CONTROL NUMBER
JCCL Control Number 3666
003 - CONTROL NUMBER IDENTIFIER
JCCL marc code BD-JhCC
005 - DATE AND TIME OF LATEST TRANSACTION
control field 20171115210647.0
008 - FIXED-LENGTH DATA ELEMENTS--GENERAL INFORMATION
fixed length control field 720714s1964 mau b 000 0 eng
035 ## - SYSTEM CONTROL NUMBER
system control number (BD-JhCC)3666
035 ## - SYSTEM CONTROL NUMBER
system control number (OCoLC)356839
040 ## - CATALOGING SOURCE
Original cataloging agency DLC
Transcribing agency ODaWU
Modifying agency OCoLC
-- DLC
-- BD-JhCC
041 ## - LANGUAGE CODE
Language code of Book eng
050 00 - LIBRARY OF CONGRESS CALL NUMBER
Classification number PR2983
Item number .C44
082 ## - DEWEY DECIMAL CLASSIFICATION NUMBER
Classification number 822.33
Author mark and Year CHA 1964
100 1# - MAIN ENTRY--PERSONAL NAME
Personal name Charney, Maurice
245 10 - TITLE STATEMENT
Title Discussions of Shakespeare's Roman plays /
Statement of responsibility, etc Maurice Charney,
260 ## - PUBLICATION, DISTRIBUTION, ETC. (IMPRINT)
Place of publication, distribution, etc Boston,
Name of publisher, distributor, etc D C Heath and Company
Date of publication, distribution, etc [1964]
300 ## - PHYSICAL DESCRIPTION
Pagination xiv, 170 p.
Dimensions 21 cm.
490 0# - SERIES STATEMENT
Series statement Discussions of literature
504 ## - BIBLIOGRAPHY, ETC. NOTE
Bibliography, etc "Notes and suggestions for further reading": p. xi-xii.
600 10 - SUBJECT ADDED ENTRY--PERSONAL NAME
Personal name Shakespeare, William,
Dates associated with a name 1564-1616
General subdivision Histories.
650 ## - SUBJECT ADDED ENTRY--TOPICAL TERM
Topical term or geographic name as entry element English Drama
942 ## - ADDED ENTRY ELEMENTS (KOHA)
Source of classification or shelving scheme Dewey Decimal Classification
Koha item type Books
Holdings
Source of classification or shelving scheme Damaged status Not for loan Home library Current library Shelving location Date of accession Total Checkouts Full call number Barcode Date last seen Copy number Koha item type
Dewey Decimal Classification     JCC Rouf Library JCC Rouf Library General Stacks 11/15/2017   822.33 CHA 1964 3989 11/15/2017 C-1 Books

JCC Library | Contacts | JCC Home

Last Update on 23 September 2017
Copyright @ 2017-2020 JCC Rouf Library
Rouf Library, Jhenidah Cadet College (JCC), Bangladesh